सर्कस / (Record no. 115252)

MARC details
000 -LEADER
fixed length control field 01015nam a22002777a 4500
003 - CONTROL NUMBER IDENTIFIER
control field dpl
005 - DATE AND TIME OF LATEST TRANSACTION
control field 20180702120448.0
008 - FIXED-LENGTH DATA ELEMENTS--GENERAL INFORMATION
fixed length control field 180702b xxu||||| |||| 00| 0 eng d
010 ## - LIBRARY OF CONGRESS CONTROL NUMBER
LC control number B-117390
020 ## - INTERNATIONAL STANDARD BOOK NUMBER
Terms of availability 225.00
International Standard Book Number 8171198724
035 ## - SYSTEM CONTROL NUMBER
System control number B-117390, B-117400
037 ## - SOURCE OF ACQUISITION
Source of stock number/acquisition Cen Lib/Ret
040 ## - CATALOGING SOURCE
Original cataloging agency DPL
Language of cataloging HN
Transcribing agency 0
082 ## - DEWEY DECIMAL CLASSIFICATION NUMBER
Classification number
Item number संजीव
100 ## - MAIN ENTRY--PERSONAL NAME
Personal name संजीव
9 (RLIN) 6954
245 ## - TITLE STATEMENT
Title सर्कस /
Statement of responsibility, etc संजीव
246 ## - VARYING FORM OF TITLE
Title proper/short title Circus /
Remainder of title by Sanjeev
260 ## - PUBLICATION, DISTRIBUTION, ETC. (IMPRINT)
Place of publication, distribution, etc दिल्ली
Name of publisher, distributor, etc राधाकृष्ण प्रकाशन
Date of publication, distribution, etc 1984
270 ## - ADDRESS
Address जी-17, जगतपुरी
City दिल्ली
Postal code 110051
300 ## - PHYSICAL DESCRIPTION
Extent ix,203पृ.
Dimensions 21सेमी (सजिल्द)
650 ## - SUBJECT ADDED ENTRY--TOPICAL TERM
Topical term or geographic name as entry element हिन्दी साहित्य
9 (RLIN) 60595
650 ## - SUBJECT ADDED ENTRY--TOPICAL TERM
Topical term or geographic name as entry element हिन्दी साहित्य -- उपन्यास
9 (RLIN) 46379
650 ## - SUBJECT ADDED ENTRY--TOPICAL TERM
Topical term or geographic name as entry element Hindi literature
9 (RLIN) 60596
650 ## - SUBJECT ADDED ENTRY--TOPICAL TERM
Topical term or geographic name as entry element Hindi literature -- Fiction
9 (RLIN) 60597
942 ## - ADDED ENTRY ELEMENTS (KOHA)
Source of classification or shelving scheme Dewey Decimal Classification
Koha item type Hindi Books
Classification part
Call number suffix संजीव
Holdings
Withdrawn status Lost status Damaged status Not for loan Home library Current library Date acquired Source of acquisition Cost, normal purchase price Total Checkouts Full call number Barcode Date last seen Date checked out Copy number Cost, replacement price Price effective from Koha item type Source of classification or shelving scheme Collection code
        Central Library Central Library 19/08/2015 Cen Lib/Ret 225.00 2 उ संजीव B-117390 09/09/2021 27/08/2021 1 225.00 19/08/2015 Hindi Books    
        Shahdara Branch Shahdara Branch 02/07/2018 BPPD/PUB 225.00   उ संजीव B-117400 02/07/2018     225.00 02/07/2018 Hindi Books Dewey Decimal Classification Fiction
        Yojana Vihar Yojana Vihar 19/07/2019 BPPD/PUB 225.00   उ संजीव B-117401 19/07/2019     225.00 19/07/2019 Hindi Books Dewey Decimal Classification Fiction

© Delhi Public Library
Hit Counter
free hit counter